<?xml version="1.0" encoding="UTF-8"?>
<record
    xmlns:xsi="http://www.w3.org/2001/XMLSchema-instance"
    xsi:schemaLocation="http://www.loc.gov/MARC21/slim http://www.loc.gov/standards/marcxml/schema/MARC21slim.xsd"
    xmlns="http://www.loc.gov/MARC21/slim">

  <leader>01407nam a2200301 a 4500</leader>
  <controlfield tag="003">OSt</controlfield>
  <controlfield tag="005">20201106132709.0</controlfield>
  <controlfield tag="008">181213s2002                  000   spa d</controlfield>
  <datafield tag="020" ind1=" " ind2=" ">
    <subfield code="a">9993402540</subfield>
  </datafield>
  <datafield tag="040" ind1=" " ind2=" ">
    <subfield code="a">DO-SdBNP</subfield>
    <subfield code="b">spa</subfield>
    <subfield code="c">BNPHU</subfield>
  </datafield>
  <datafield tag="082" ind1=" " ind2=" ">
    <subfield code="a">BNPHU PD 344.7293</subfield>
    <subfield code="b">R311j</subfield>
  </datafield>
  <datafield tag="245" ind1=" " ind2="0">
    <subfield code="a">Recopilaci&#xF3;n jurisprudencial integrada de las desiciones de la Suprema Corte de Justicia de la Rep&#xFA;blica Dominicana :</subfield>
    <subfield code="b"> materia, avance jurisprudencial /</subfield>
    <subfield code="c">L. Almanzor Gonz&#xE1;lez Canahuate , compilador .</subfield>
  </datafield>
  <datafield tag="260" ind1=" " ind2=" ">
    <subfield code="a">Santo Domingo :</subfield>
    <subfield code="c">2002.</subfield>
    <subfield code="b">[ s.n.] ,</subfield>
  </datafield>
  <datafield tag="300" ind1=" " ind2=" ">
    <subfield code="a">V.10, t.5 ;</subfield>
    <subfield code="c">23.60 cms.</subfield>
  </datafield>
  <datafield tag="500" ind1=" " ind2=" ">
    <subfield code="a">Treinta y uno (31) a&#xF1;os (enero- 1970, diciembre-2000) .-</subfield>
  </datafield>
  <datafield tag="500" ind1=" " ind2=" ">
    <subfield code="a">Materia : procedimiento civil, comercial y laboral .-</subfield>
  </datafield>
  <datafield tag="500" ind1=" " ind2=" ">
    <subfield code="a">Avance jurisprudencial : (prescripci&#xF3;n, procedimiento, prueba, reapertura de debates.</subfield>
  </datafield>
  <datafield tag="501" ind1=" " ind2=" ">
    <subfield code="a">93.P. prescripci&#xF3;n :
No. 1.  Prescripci&#xF3;n adquisitiva.</subfield>
  </datafield>
  <datafield tag="501" ind1=" " ind2=" ">
    <subfield code="a">No. 2 Prescripci&#xF3;n. prescripci&#xF3;n de la acci&#xF3;n en responsabilidad civil fundada en un hecho delictual...</subfield>
  </datafield>
  <datafield tag="501" ind1=" " ind2=" ">
    <subfield code="a">No. 3. Prescripci&#xF3;n. interrupci&#xF3;n de la prescripci&#xF3;n.</subfield>
  </datafield>
  <datafield tag="501" ind1=" " ind2=" ">
    <subfield code="a">No.4 Prescripci&#xF3;n. Interrupci&#xF3;n de la prescripci&#xF3;n.</subfield>
  </datafield>
  <datafield tag="501" ind1=" " ind2=" ">
    <subfield code="a">No. 5. Prescripci&#xF3;n sin t&#xED;tulo.</subfield>
  </datafield>
  <datafield tag="501" ind1=" " ind2=" ">
    <subfield code="a">94. P. procedimiento- proceso.</subfield>
  </datafield>
  <datafield tag="501" ind1=" " ind2=" ">
    <subfield code="a">95. P. prueba.</subfield>
  </datafield>
  <datafield tag="501" ind1=" " ind2=" ">
    <subfield code="a">96. R. reapertura de debates.</subfield>
  </datafield>
  <datafield tag="700" ind1=" " ind2=" ">
    <subfield code="a">Matos, Omar ,</subfield>
    <subfield code="e">Diagramaci&#xF3;n</subfield>
    <subfield code="9">76831</subfield>
  </datafield>
  <datafield tag="942" ind1=" " ind2=" ">
    <subfield code="2">ddc</subfield>
    <subfield code="c">LF1</subfield>
  </datafield>
  <datafield tag="952" ind1=" " ind2=" ">
    <subfield code="0">0</subfield>
    <subfield code="1">0</subfield>
    <subfield code="2">ddc</subfield>
    <subfield code="7">0</subfield>
    <subfield code="a">BNPHU</subfield>
    <subfield code="b">BNPHU</subfield>
    <subfield code="d">2017-03-01</subfield>
    <subfield code="e">Donado por el Poder Judicial</subfield>
    <subfield code="l">0</subfield>
    <subfield code="o">BNPHU PD 344.7293 R311j</subfield>
    <subfield code="r">2020-10-09</subfield>
    <subfield code="w">2020-10-09</subfield>
    <subfield code="y">LF1</subfield>
  </datafield>
  <datafield tag="999" ind1=" " ind2=" ">
    <subfield code="c">47783</subfield>
    <subfield code="d">47783</subfield>
  </datafield>
</record>
